Hugging the Trees (Record no. 17719)

MARC details
000 -LEADER
fixed length control field 00633nam a2200253 a 4500
020 ## - INTERNATIONAL STANDARD BOOK NUMBER
ISBN 0670538
082 00 - DEWEY DECIMAL CLASSIFICATION NUMBER
Classification number 333
Author Cutter WEB
100 ## - MAIN ENTRY--AUTHOR NAME
Author name Weber, Thomas
245 ## - TITLE STATEMENT
Title Hugging the Trees
Sub title the Story of the Chipko Movement
260 ## - PUBLICATION, DISTRIBUTION, ETC. (IMPRINT)
Place of publication Delhi
Name of publisher Penguin Books
Year of publication 1987
300 ## - PHYSICAL DESCRIPTION
Number of Pages 175p
500 ## - GENERAL NOTE
General note includes index and biblioraphy
505 2# - FORMATTED CONTENTS NOTE
Formatted contents note Index
650 ## - SUBJECT ADDED ENTRY--TOPICAL TERM
Topical Term Land Economics
650 ## - SUBJECT ADDED ENTRY--TOPICAL TERM
Topical Term Chipko Movement
942 ## - ADDED ENTRY ELEMENTS (KOHA)
Koha item type Books
700 1# -
-- Weber, Thomas
Holdings
Collection code Home library Current library Date acquired Cost, normal purchase price Full call number Accession Number Koha item type
  Henry Martyn Institute Library Henry Martyn Institute Library 04/30/2007 125.00 333 WEB 11000388 Books
                   Copyright © 2026 | Henry Martyn Institute | Hyderabad | TS-500052 | INDIA | Implemented by hmi.edu.in
Hit-Count:

Powered by Koha